000 00644nam a22002177a 4500
003 UA-OsUOA
001 64382
007 ta
008 20091104b un ||||| |||| 00| 0 ukr d
090 _a811.161.1
_bИ32
942 _cBK
040 _aUA-OsUOA
_brus
_cUA-OsUOA
_dUA-OsUOA
245 _aИз трудов А. А. Шахматова по современному русскому языку
300 _a270 с.
955 _a2
041 _arus
080 _a811.161.1
260 _aМ.
_c1952
650 7 _a8 Мовознавство. Художня література. Літературознавство
_2UDC
999 _c350314
_d350314